| 000 | 00659nam a2200181 i 4500 | ||
|---|---|---|---|
| 001 | 22025 | ||
| 003 | ES-MaACL | ||
| 005 | 20260210163242.0 | ||
| 007 | t| | ||
| 008 | 021129s1966 sp ||||1| spa d | ||
| 100 | 1 |
_aAlfaro Moreno, Agustín, _d1903-1994 _919818 |
|
| 245 | 1 | 0 |
_aPlaguicidas agrícolas / _cformulario y guía de aplicación por Agustín Alfaro Moreno. |
| 260 |
_aMadrid : _bInstituto Nacional de Investigaciones Agronómicas, _c1966. |
||
| 300 |
_aXX, 238 p. : _bil. ; _c24 cm. |
||
| 710 |
_aInstituto Nacional de Investigaciones Agronómicas _c(España) _9219222 |
||
| 852 |
_aES-MaACL _jC-30125 _bR.60367 |
||
| 999 |
_c22025 _d22025 |
||